000 00744nam a2200217Ia 4500
001 7439
003 GE_BSU
008 181216s||||||||xx |||||||||||||| ||und||
040 _cGE_BSU
080 _a621.758+681.2
100 _aДунин-Барковский,И.В.
245 _aОсновы взаимозаменяемости и технические измерения.
245 _bУчеб. пособ.
245 _cРед. Н.М.Карелин.
260 _aМ.
260 _bМашиностроение.
260 _c1964.
300 _a304стр.22см.с илл.библиогр.:стр.298-300.
653 _aОсновы взаимозаменяемости и технические измерения.
942 _cBK
999 _c40799
_d40799